La delincuencia en la ciudad de San Sebastián (Registro nro. 162568)
[ vista simple ]
| 000 -LEADER | |
|---|---|
| fixed length control field | 01034nam a22002417a 4500 |
| 007 - PHYSICAL DESCRIPTION FIXED FIELD--GENERAL INFORMATION | |
| fixed length control field | cr|||| |||| |
| 008 - FIXED-LENGTH DATA ELEMENTS--GENERAL INFORMATION | |
| fixed length control field | 130426e2013 sp |||||s|||| 00||0 spa d |
| 020 ## - INTERNATIONAL STANDARD BOOK NUMBER | |
| International Standard Book Number | 9783659067723 |
| 035 ## - | |
| -- | 7658 |
| 040 ## - CATALOGING SOURCE | |
| Original cataloging agency | vLex |
| 090 ## - | |
| -- | 4198 |
| -- | 4198 |
| 100 10 - MAIN ENTRY--PERSONAL NAME | |
| Personal name | Gamarra de Baya, Gerardo Antonio |
| 245 13 - TITLE STATEMENT | |
| Title | La delincuencia en la ciudad de San Sebastián |
| Remainder of title | Estudio basado en encuestas a la población |
| Statement of responsibility, etc | / Gerardo Antonio Gamarra de Baya |
| Medium | [Recurso electrónico] |
| 256 ## - | |
| -- | Servicio en línea |
| 260 ## - PUBLICATION, DISTRIBUTION, ETC. (IMPRINT) | |
| Place of publication, distribution, etc | Madrid : |
| Name of publisher, distributor, etc | Editorial Académica Española, |
| Date of publication, distribution, etc | 2013 |
| 300 ## - PHYSICAL DESCRIPTION | |
| Extent | 1 Recurso electrónico |
| 506 ## - RESTRICTIONS ON ACCESS NOTE | |
| Authorized users | vLex Global |
| -- | vLex Global (Academic Edition, excluding Law Schools) |
| -- | vLex Global (U.S. Academic Edition, Law Schools) |
| -- | vLex Global (U.S. Academic Edition, excluding Law Schools) |
| -- | vLex Global (Academic Edition, Law Schools) |
| 650 04 - SUBJECT ADDED ENTRY--TOPICAL TERM | |
| Topical term or geographic name as entry element | Criminología |
| Geographic subdivision | España |
| 740 ## - | |
| -- | vLex Libros (Servicio en línea) |
| 856 ## - LOCALIZACIÓN Y ACCESO ELECTRÓNICO | |
| Host name | Acceso restringido |
| Identificador Uniforme del Recurso (URI/URL) | http://www.vlex.com/source/7658 |
| 942 ## - | |
| -- | RAA |
| 999 ## - | |
| -- | 162568 |
| -- | 162568 |
No hay ítems disponibles.